| 000 | 00309nam a2200097Ia 4500 | ||
|---|---|---|---|
| 008 | 220204s9999 xx 000 0 und d | ||
| 082 |
_a330.526.34(047) _bISE |
||
| 245 | 0 | _aIndia, micro, small and medium enterprises report 2011 | |
| 260 |
_aCochin _bInstitute of Small Enterprises& Development _c2011 |
||
| 942 | _cBK | ||
| 999 |
_c44704 _d44704 |
||